Cassava pests and their control /

Bibliographic Details
Main Author: Bellotti, Anthony
Other Authors: Schoonhoven, Aart van, Brekelbaum, Trudy
Format: Book
Language:English
Published: Cali, Colombia : Cassava Information Center, Centro Internacional de Agricultura Tropical, [1978]
Series:Series ; 09EC-2
Subjects:

MARC

Tag First Indicator Second Indicator Subfields
LEADER 00000cam a2200000 a 4500
001 in00000544921
005 20151014052054.0
008 820609s1978 ck a b i00010 eng d
035 |a (OCoLC)08503936 
035 |9 ACJ7429AM 
040 |a KKS  |c KKS  |d TXA  |d UtOrBLW 
049 |a TXAM  |c 1 [A08253905], 2 [A08366651] 
090 |a SB211.C3  |b B44 1978 
100 1 |a Bellotti, Anthony. 
245 1 0 |a Cassava pests and their control /  |c Anthony Bellotti, Aart van Schoonhoven ; edited by Trudy Brekelbaum. 
264 1 |a Cali, Colombia :  |b Cassava Information Center, Centro Internacional de Agricultura Tropical,  |c [1978] 
300 |a 71 pages :  |b color illustrations ;  |c 24 cm. 
336 |a text  |b txt  |2 rdacontent 
337 |a unmediated  |b n  |2 rdamedia 
338 |a volume  |b nc  |2 rdacarrier 
490 0 |a Series ;  |v 09EC-2 
500 |a "November 1978." 
504 |a Bibliography: pages 57-63. 
650 0 |a Cassava  |x Diseases and pests. 
650 0 |a Cassava as food. 
700 1 |a Schoonhoven, Aart van. 
700 1 |a Brekelbaum, Trudy. 
999 |a MARS 
999 f f |s c5e5e476-beb0-3458-8b74-7307e22abfd2  |i 68c69c9c-b771-3cae-82a3-69476142d507  |t 0 
952 f f |p ric  |a Texas A&M University  |b Rellis Campus  |c Joint Library Facility  |d Remote Storage  |t 0  |e SB211.C3 B44 1978  |h Library of Congress classification  |i unmediated -- volume  |m A14808253905 
998 f f |a SB211.C3 B44 1978  |t 0  |l Remote Storage